[Event "IECG WC.2008.P.00021 email"]
[Site "IECG email"]
[Date "2004.03.05"]
[Round "?"]
[White "Meijer, Kees"]
[Black "Romero, Marcelo Javier"]
[Result "1/2-1/2"]
[WhiteElo "1751"]
[BlackElo "2170"]
[PlyCount "71"]
[EventDate "2004.03.05"]
[EventType "tourn (corr)"]
[EventRounds "6"]
[SourceTitle "Corr 2008"]
[Source "ChessBase"]
[SourceDate "2008.06.24"]
[SourceVersion "1"]
[SourceVersionDate "2008.06.24"]
[SourceQuality "1"]

1. d4 d5 2. c4 dxc4 3. e4 Nf6 4. e5 Nd5 5. Bxc4 Nb6 6. Bb3 Nc6 7. Ne2 Bf5 8. Nbc3 e6 9. a3 Qd7 10. 0-0 Be7 11. Ba2 0-0-0 12. Be3 f6 13. f4 h5 14. b4 Kb8 15. Rc1 h4 16. h3 Qe8 17. Qb3 Qh5 18. Bb1 Bxb1 19. Rxb1 Qf5 20. Bf2 Rhf8 21. Na4 Nd5 22. Nc5 Rg8 23. Rfc1 fxe5 24. fxe5 g5 25. Rf1 Qg6 26. Qf3 Bxc5 27. bxc5 Rdf8 28. Qg4 Rf7 29. Bxh4 Ne3 30. Qxg5 Qxg5 31. Bxg5 Nxf1 32. h4 Rxg5 33. hxg5 Ne3 34. g6 Rg7 35. Kf2 Nd5 36. Rh1 1/2-1/2

[Event "IECG WC.2008.P.00021 email"]
[Site "IECG email"]
[Date "2004.03.05"]
[Round "?"]
[White "Romero, Marcelo Javier"]
[Black "Goze, Tolga"]
[Result "1/2-1/2"]
[WhiteElo "2170"]
[BlackElo "1998"]
[PlyCount "53"]
[EventDate "2004.03.05"]
[EventType "tourn (corr)"]
[EventRounds "6"]
[SourceTitle "Corr 2008"]
[Source "ChessBase"]
[SourceDate "2008.06.24"]
[SourceVersion "1"]
[SourceVersionDate "2008.06.24"]
[SourceQuality "1"]

1. e4 c5 2. Nf3 d6 3. d4 cxd4 4. Nxd4 Nf6 5. Nc3 a6 6. Be2 e6 7. 0-0 Be7 8. f4 0-0 9. Kh1 Qc7 10. a4 Nc6 11. Be3 Re8 12. Qe1 e5 13. fxe5 dxe5 14. Qg3 Nxd4 15. Bxd4 Bd8 16. Be3 Kh8 17. Rad1 Be6 18. Bf3 Qa5 19. Rd2 Rc8 20. Rfd1 Bb6 21. Bg5 Bd8 22. Bxf6 Bxf6 23. Bg4 Qb4 24. Bxe6 fxe6 25. Rb1 Rcd8 26. Rf2 Rf8 27. h3 1/2-1/2

[Event "IECG CP.2002.Q.00001 email"]
[Site "IECG email"]
[Date "2003.10.01"]
[Round "?"]
[White "Romero, Marcelo Javier"]
[Black "Phythyon, John R"]
[Result "0-1"]
[WhiteElo "2170"]
[BlackElo "2124"]
[PlyCount "42"]
[EventDate "2003.10.01"]
[EventType "tourn (corr)"]
[EventRounds "10"]
[SourceTitle "Corr 2008"]
[Source "ChessBase"]
[SourceDate "2008.06.24"]
[SourceVersion "1"]
[SourceVersionDate "2008.06.24"]
[SourceQuality "1"]

1. e4 e5 2. Nf3 Nc6 3. Bb5 f5 4. Nc3 fxe4 5. Nxe4 Nf6 6. Nxf6+ Qxf6 7. Qe2 Be7 8. Bxc6 dxc6 9. Nxe5 Bf5 10. 0-0 0-0 11. d4 Bd6 12. Re1 Rae8 13. f4 Bxe5 14. fxe5 Qg6 15. c3 Bd3 16. Qe3 Qf5 17. Bd2 Re6 18. b3 Rg6 19. e6 Rgf6 20. h3 Re8 21. e7 Rf7 0-1

[Event "IECG CP.2002.Q.00001 email"]
[Site "IECG email"]
[Date "2003.10.01"]
[Round "?"]
[White "Romero, Marcelo Javier"]
[Black "Tolan, John"]
[Result "1/2-1/2"]
[WhiteElo "2170"]
[BlackElo "1650"]
[PlyCount "101"]
[EventDate "2003.10.01"]
[EventType "tourn (corr)"]
[EventRounds "10"]
[SourceTitle "Corr 2008"]
[Source "ChessBase"]
[SourceDate "2008.06.24"]
[SourceVersion "1"]
[SourceVersionDate "2008.06.24"]
[SourceQuality "1"]

1. e4 c6 2. d4 d5 3. Nc3 dxe4 4. Nxe4 Nd7 5. Ng5 Ndf6 6. Bc4 e6 7. N1f3 Bd6 8. Ne5 Bxe5 9. dxe5 Qxd1+ 10. Kxd1 Ng4 11. Re1 b5 12. Bb3 Nxf2+ 13. Kd2 Ng4 14. h3 N4h6 15. c3 Ne7 16. Ne4 0-0 17. g4 Ng6 18. Kc2 Kh8 19. Nd6 Ng8 20. a4 Bd7 21. Bg5 h6 22. Bd2 N8e7 23. Kd1 a6 24. Bc2 Kg8 25. b4 Nd5 26. Be4 Nb6 27. axb5 axb5 28. Rxa8 Rxa8 29. Bxg6 fxg6 30. g5 hxg5 31. Bxg5 c5 32. bxc5 Na4 33. Kd2 Nxc5 34. Rb1 Bc6 35. h4 Nd7 36. Bf4 Ra4 37. Rb4 Ra2+ 38. Ke3 Ra3 39. Kd4 Ra1 40. c4 Rf1 41. Bd2 Rd1 42. cxb5 Bxb5 43. Rb2 Ba4 44. Ra2 Rh1 45. Bg5 Rg1 46. Rxa4 Rg4+ 47. Ne4 Rxe4+ 48. Kxe4 Nc5+ 49. Kf3 Nxa4 50. Be3 Nc3 51. Kg4 1/2-1/2

[Event "IECG CP.2002.P.00047 email"]
[Site "IECG email"]
[Date "2002.10.01"]
[Round "?"]
[White "Romero, Marcelo Javier"]
[Black "Moreno, Alexandro"]
[Result "1-0"]
[WhiteElo "2248"]
[BlackElo "1164"]
[PlyCount "43"]
[EventDate "2002.10.01"]
[EventType "tourn (corr)"]
[EventRounds "6"]
[EventCountry "GER"]
[SourceTitle "Corr 2008"]
[Source "ChessBase"]
[SourceDate "2008.06.24"]
[SourceVersion "1"]
[SourceVersionDate "2008.06.24"]
[SourceQuality "1"]

1. e4 e5 2. Nf3 Nf6 3. d4 Nxe4 4. Bd3 d5 5. Nxe5 Bd6 6. 0-0 0-0 7. c4 Bxe5 8. dxe5 Nc6 9. cxd5 Qxd5 10. Qc2 Nb4 11. Bxe4 Nxc2 12. Bxd5 Bf5 13. g4 Bg6 14. f4 Bd3 15. Rd1 Ba6 16. Be4 Nxa1 17. Be3 Rfd8 18. Nd2 Be2 19. Rxa1 Bxg4 20. b3 c6 21. Nc4 Rd1+ 22. Rxd1 1-0

[Event "IECG RM.2002.0.00007"]
[Site "IECG email"]
[Date "2002.08.16"]
[Round "?"]
[White "Romero, Marcelo Javier"]
[Black "Percze, Rajmond"]
[Result "0-1"]
[WhiteElo "2248"]
[BlackElo "2220"]
[PlyCount "60"]
[EventDate "2002.08.16"]
[EventType "tourn (corr)"]
[EventRounds "6"]
[SourceTitle "Corr 2008"]
[Source "ChessBase"]
[SourceDate "2008.06.24"]
[SourceVersion "1"]
[SourceVersionDate "2008.06.24"]
[SourceQuality "1"]

1. e4 c5 2. Nf3 d6 3. d4 cxd4 4. Nxd4 Nf6 5. Nc3 g6 6. Be3 Bg7 7. f3 Nc6 8. Qd2 0-0 9. Bc4 Bd7 10. 0-0-0 Rc8 11. Bb3 Ne5 12. h4 h5 13. Bg5 Rc5 14. g4 hxg4 15. f4 Nc4 16. Qe2 b5 17. f5 gxf5 18. Bxf6 Bxf6 19. exf5 Rxf5 20. Nxf5 Bxf5 21. Nxb5 Ne5 22. Nd4 Bh7 23. Kb1 Qa8 24. Rhf1 Qe4 25. Qf2 Qg6 26. Qg2 e6 27. Qg3 Qh6 28. h5 d5 29. Ka1 Bg7 30. c3 Be4 0-1

[Event "IECG CM.2002.0.00187 email"]
[Site "IECG email"]
[Date "2002.07.16"]
[Round "?"]
[White "Romero, Marcelo Javier"]
[Black "Hallengren, Boris"]
[Result "1-0"]
[WhiteElo "2248"]
[BlackElo "2230"]
[PlyCount "67"]
[EventDate "2002.07.16"]
[EventType "tourn (corr)"]
[EventRounds "6"]
[SourceTitle "Corr 2008"]
[Source "ChessBase"]
[SourceDate "2008.06.24"]
[SourceVersion "1"]
[SourceVersionDate "2008.06.24"]
[SourceQuality "1"]

1. e4 c5 2. Nf3 d6 3. d4 cxd4 4. Nxd4 Nf6 5. Nc3 a6 6. Be2 e5 7. Nb3 Be7 8. 0-0 0-0 9. Kh1 Bd7 10. Qd3 Bc6 11. Bg5 Nbd7 12. Rad1 b5 13. a3 Qc7 14. Qe3 Bb7 15. Rd3 Rfd8 16. Rfd1 Nf8 17. Bxf6 Bxf6 18. Bg4 Ng6 19. Qd2 Be7 20. g3 h6 21. Qe2 Nf8 22. Bf5 Nd7 23. Bxd7 Rxd7 24. Nd5 Bxd5 25. Rxd5 Rdd8 26. f4 Rac8 27. c3 Qc4 28. Qc2 Qa4 29. Kg2 Qc4 30. Re1 Qc7 31. Qd3 h5 32. f5 h4 33. Nd2 Qa7 34. Nf3 1-0

[Event "IECG CM.2002.0.00187 email"]
[Site "IECG email"]
[Date "2002.07.09"]
[Round "?"]
[White "Romero, Marcelo Javier"]
[Black "Marcotulli, Giancarlo"]
[Result "1/2-1/2"]
[WhiteElo "2248"]
[BlackElo "2176"]
[PlyCount "60"]
[EventDate "2002.07.16"]
[EventType "tourn (corr)"]
[EventRounds "6"]
[SourceTitle "Corr 2008"]
[Source "ChessBase"]
[SourceDate "2008.06.24"]
[SourceVersion "1"]
[SourceVersionDate "2008.06.24"]
[SourceQuality "1"]

1. e4 e5 2. Nf3 Nc6 3. Bb5 a6 4. Ba4 Bc5 5. 0-0 Nf6 6. c3 0-0 7. d4 Bb6 8. d5 Ne7 9. Nxe5 Nxe4 10. Bc2 Nf6 11. d6 cxd6 12. Nc4 d5 13. Nxb6 Qxb6 14. Nd2 d6 15. Nb3 Re8 16. Be3 Qc7 17. Bd4 Ne4 18. Re1 Be6 19. Qf3 Bf5 20. Be3 Nd2 21. Nxd2 Bxc2 22. Rac1 Bg6 23. Bf4 Qc6 24. h4 h5 25. Nf1 d4 26. Qxc6 Nxc6 27. Bxd6 d3 28. Nd2 Rad8 29. Bc7 Rc8 30. Bb6 Ne7 1/2-1/2

[Event "IECG RA.2002.0.00011"]
[Site "IECG email"]
[Date "2002.05.15"]
[Round "?"]
[White "Romero, Marcelo Javier"]
[Black "Muller, Henry"]
[Result "1-0"]
[WhiteElo "2026"]
[BlackElo "2093"]
[PlyCount "125"]
[EventDate "2002.05.15"]
[EventType "tourn (corr)"]
[EventRounds "6"]
[SourceTitle "Corr 2008"]
[Source "ChessBase"]
[SourceDate "2008.06.24"]
[SourceVersion "1"]
[SourceVersionDate "2008.06.24"]
[SourceQuality "1"]

1. e4 e5 2. Nf3 Nc6 3. Bb5 a6 4. Ba4 Nf6 5. 0-0 Be7 6. Re1 b5 7. Bb3 0-0 8. c3 d5 9. exd5 Nxd5 10. Nxe5 Nxe5 11. Rxe5 c6 12. d4 Bd6 13. Re1 Qh4 14. g3 Qh3 15. Be3 Bg4 16. Qd3 Rae8 17. Nd2 Re6 18. a4 f5 19. Qf1 Qh5 20. f4 bxa4 21. Rxa4 Rfe8 22. Rxa6 Kh8 23. Bxd5 cxd5 24. Qb5 Rh6 25. h3 Bxh3 26. Kf2 Rf8 27. Rea1 Bg4 28. Qxd5 Bd1 29. Nf3 Bc2 30. g4 Qxg4 31. Rg1 Qh5 32. Qb7 Rg6 33. Rxg6 hxg6 34. Ra7 Rg8 35. Ra8 Be4 36. Rxg8+ Kxg8 37. Qc8+ Bf8 38. Qc4+ Kh8 39. Ng5 Qh2+ 40. Ke1 Qxb2 41. Nxe4 Qb1+ 42. Kf2 Qxe4 43. Qc8 Kg8 44. Bd2 g5 45. Qc4+ Kh7 46. Qe2 gxf4 47. Qxe4 fxe4 48. Bxf4 Kg6 49. c4 Kf5 50. Bh2 Be7 51. c5 Bf6 52. Ke3 Bg5+ 53. Ke2 Ke6 54. c6 Ke7 55. d5 Bc1 56. d6+ Ke6 57. d7 Bg5 58. Bf4 Bf6 59. Ke3 Bh4 60. Kxe4 Bd8 61. Bg3 Bf6 62. Kd3 Bd8 63. Kc4 1-0

[Event "CAPA 7/I/22 email"]
[Site "Argentina"]
[Date "2001.??.??"]
[Round "7"]
[White "Caviglia, Maximiliano"]
[Black "Romero, Marcelo Javier"]
[Result "0-1"]
[WhiteElo "2000"]
[BlackElo "2000"]
[PlyCount "22"]
[EventDate "2001.??.??"]
[EventType "tourn (corr)"]
[EventRounds "6"]
[EventCountry "ARG"]
[SourceTitle "Corr 2002"]
[Source "ChessBase"]
[SourceDate "2002.05.23"]
[SourceVersion "1"]
[SourceVersionDate "2002.05.23"]
[SourceQuality "1"]

1. c4 e5 2. e4 Nf6 3. Nc3 Bc5 4. h3 Nc6 5. Nf3 d6 6. d3 Nd7 7. Be2 Nf8 8. 0-0 Ne6 9. a3 a5 10. Kh1 0-0 11. Nd5 f5 0-1

[Event "CAPA 7/I/23 email"]
[Site "Argentina"]
[Date "2001.??.??"]
[Round "7"]
[White "Romero, Marcelo Javier"]
[Black "Pedrosa, Fernando Hector"]
[Result "1-0"]
[WhiteElo "2000"]
[BlackElo "2000"]
[PlyCount "85"]
[EventDate "2001.??.??"]
[EventType "tourn (corr)"]
[EventRounds "6"]
[EventCountry "ARG"]
[SourceTitle "Corr 2002"]
[Source "ChessBase"]
[SourceDate "2002.05.23"]
[SourceVersion "1"]
[SourceVersionDate "2002.05.23"]
[SourceQuality "1"]

1. e4 e5 2. Nf3 Nc6 3. Bb5 f5 4. Nc3 fxe4 5. Nxe4 Nf6 6. Nxf6+ Qxf6 7. Qe2 Be7 8. Bxc6 dxc6 9. Nxe5 0-0 10. d4 Bd6 11. 0-0 Bf5 12. Re1 Rae8 13. f4 Bxe5 14. dxe5 Qg6 15. c3 Rd8 16. b3 Qg4 17. Qxg4 Bxg4 18. Be3 b6 19. h3 Bc8 20. Rad1 Rxd1 21. Rxd1 Kf7 22. Kf2 c5 23. g4 g6 24. c4 Ke6 25. Bc1 Rf7 26. Ke3 Bb7 27. h4 Ke7 28. h5 gxh5 29. f5 hxg4 30. Kf4 Bc8 31. f6+ Ke8 32. Rh1 Be6 33. Rh4 Rd7 34. Be3 Kf8 35. Rxg4 Bxg4 36. Kxg4 Rd3 37. Bh6+ Kf7 38. Kf5 Rf3+ 39. Bf4 Rf2 40. e6+ Kg8 41. Ke5 h5 42. Bh6 h4 43. f7+ 1-0